000 00443nam a2200169Ia 4500
003 LK-CoDNM
008 010623t xxu||||| |||| 00| 1 sin d
040 _aLK-CoDNM
_dLK-CoDNM
_eLK-CoDNM
041 _asin
080 _a294.3 HET
100 _aHettiarachchi,Dharmasena.
245 _aබුදුදහම ඉගැන්වීම
246 _aBudu Dahama Igenveema
260 _bThivira
_aNugegoda
300 _b185p., 21 cm
942 _cBK
999 _c139733
_d139733